Countries of South America Map Quiz - Statistics

General Stats
  • This quiz has been taken 99 times
    98 since last reset
  • The average score is 10 of 12
Answers on the Map
Answers color-coded by a green-red scale on the quiz's map according to % correct below.
 
Answer Stats
Answer % Correct
Brazil
98%
Chile
94%
Argentina
88%
Bolivia
88%
Peru
88%
Venezuela
88%
Paraguay
86%
Uruguay
84%
Ecuador
82%
Colombia
80%
Guyana
78%
Suriname
78%
No matching quizzes found
Score Distribution
Percent of People with Each Score
Percentile by Number Answered
Your Score History
You have not taken this quiz since the last reset